| 000 -LEADER |
| fixed length control field |
00394cam a22001097a 4500 |
| 008 - FIXED-LENGTH DATA ELEMENTS--GENERAL INFORMATION |
| fixed length control field |
180718b1985 xxu||||| |||| 00| 0 eng d |
| 082 ## - DEWEY DECIMAL CLASSIFICATION NUMBER |
| Classification number |
T112x5414 Or3/1970-83 |
| 245 ## - TITLE STATEMENT |
| Title |
Report on state income estimation for 1970-71 to 1982-83 |
| Statement of responsibility, etc. |
by Bureau of Statistics and Economics |
| 260 ## - PUBLICATION, DISTRIBUTION, ETC. |
| Place of publication, distribution, etc. |
Bhubaneswar |
| Name of publisher, distributor, etc. |
Government of Orssia |
| Date of publication, distribution, etc. |
1985 |
| 300 ## - PHYSICAL DESCRIPTION |
| Extent |
40p |
| 700 ## - ADDED ENTRY--PERSONAL NAME |
| Personal name |
Orissa. Bureau of Statistics and Economics |